000 00930nam a2200217Ia 4500
001 854-CAM cr im (21761)
003 IT-MiSPE
008 171229s9999||||xx |||||||||||||| ||und||
040 _aIT-MiSPE
_cIT-MiSPE
041 _aITALIANO
100 _aCristina Campo
245 0 _aGli imperdonabili
250 _a1a ed. (v)
260 _aMilano
_bAdelphi
_c1987
300 _a282 p.
_c22 cm
490 _aBiblioteca A.
_v183
501 _aEdizioni San Paolo srl - Piazza Soncino, 5 - 20092 CINISELLO BALSAMO (MI) (non commercial uses only) ® Copyright 2018
942 _cBK
957 _71
999 _a10487
_bNO
_g Copie: 1
_c354571
_d354571